Бюллетень. Региональный опыт развития воспитания и дополнительного образования детей и молодежи. 2016, № 6 (48): Все работы хороши, выбирай! (Запись № 11321599)

Подробности
000 -МАРКЕР
контрольное поле 01530nam2a2200253 4500
001 - ИДЕНТИФИКАТОР ЗАПИСИ
контрольное поле RU\NLR\BIBL_A\011365361
005 - ИДЕНТИФИКАТОР ВЕРСИИ
контрольное поле 20250626053010.0
035 ## - ДРУГИЕ СИСТЕМНЫЕ НОМЕРА
Идентификатор записи (NLR Aleph) 011365361
100 ## - ДАННЫЕ ОБЩЕЙ ОБРАБОТКИ
Данные общей обработки 20170411d2016 |||y0rusy50 ca
101 0# - ЯЗЫК РЕСУРСА
Язык текста, звукозаписи и т.д. русский
102 ## - СТРАНА ПУБЛИКАЦИИ ИЛИ ПРОИЗВОДСТВА
Страна публикации российская федерация
200 1# - ЗАГЛАВИЕ И СВЕДЕНИЯ ОБ ОТВЕТСТВЕННОСТИ
Основное заглавие Все работы хороши, выбирай!
Сведения, относящиеся к заглавию программа внеурочной деятельности и методические материалы по профориентированию в начальной школе
210 ## - ПУБЛИКАЦИЯ, РАСПРОСТРАНЕНИЕ И ДР.
Дата издания, распространения и т.д. 2016
Место издания, распространения и т.д. Б. м.
461 #0 - УРОВЕНЬ НАБОРА
Встроенное поле 001RU\NLR\Per\1008901
-- 2001#$aБюллетень. Региональный опыт развития воспитания и дополнительного образования детей и молодежи$v2016, № 6 (48)
Системный номер (АБИС) связанной записи 10428943
Место публикации Москва
Дата публикации 2013 -
Имя издателя, распространителя и т.д. [б. и.]
Заглавие Бюллетень. Региональный опыт развития воспитания и дополнительного образования детей и молодежи
Номер тома 2016, № 6 (48)
606 1# - НАИМЕНОВАНИЕ ТЕМЫ КАК ПРЕДМЕТ
Наименование темы Начальные школы
Формальный подзаголовок Сборники
Тематический подзаголовок Внеклассная работа
Системный номер авторитетной/нормативной записи 2360558
Идентификатор авторитетной/нормативной записи RU\NLR\AUTH\661409645
606 1# - НАИМЕНОВАНИЕ ТЕМЫ КАК ПРЕДМЕТ
Наименование темы Дети младшего школьного возраста
Формальный подзаголовок Сборники
Тематический подзаголовок Профессиональная ориентация
Системный номер авторитетной/нормативной записи 2565690
Идентификатор авторитетной/нормативной записи RU\NLR\AUTH\661517461
686 1# - ИНДЕКСЫ ДРУГИХ КЛАССИФИКАЦИЙ
Индекс Ч421.38,01я43
686 1# - ИНДЕКСЫ ДРУГИХ КЛАССИФИКАЦИЙ
Индекс Ч421.202.5,01я43
852 ## - МЕСТОНАХОЖДЕНИЕ И ШИФР ХРАНЕНИЯ
Идентификатор организации NLR
Шифр хранения (Call Number) П29/1842
942 ## - ДОПОЛНИТЕЛЬНЫЕ ЭЛЕМЕНТЫ ЗАПИСИ (АБИС)
Тип экземпляра АБИС Выпуск
980 ## - КОЛЛЕКЦИЯ
Название коллекции Национальная библиография
980 ## - КОЛЛЕКЦИЯ
Название коллекции Русская периодика

Нет доступных экземпляров.